UBT Library

Contemporary artists at work, sculptors. (Record no. 44212)

000 -LEADER
fixed length control field 00765cgm a2200241 r 4500
001 - CONTROL NUMBER
control field 11510736
005 - DATE AND TIME OF LATEST TRANSACTION
control field 20180306083230.0
007 - PHYSICAL DESCRIPTION FIXED FIELD--GENERAL INFORMATION
fixed length control field gouc-bdf
007 - PHYSICAL DESCRIPTION FIXED FIELD--GENERAL INFORMATION
fixed length control field gouc-bff
008 - FIXED-LENGTH DATA ELEMENTS--GENERAL INFORMATION
fixed length control field 781108s1978 nyu247 e fneng
010 ## - LIBRARY OF CONGRESS CONTROL NUMBER
LC control number 78730979
040 ## - CATALOGING SOURCE
Original cataloging agency DLC
Transcribing agency DLC
Modifying agency DLC
041 ## - LANGUAGE CODE
Language code of text/sound track or separate title eng
043 ## - GEOGRAPHIC AREA CODE
Geographic area code n-us---
080 ## - UNIVERSAL DECIMAL CLASSIFICATION NUMBER
Universal Decimal Classification number 730.973 EVE
082 10 - DEWEY DECIMAL CLASSIFICATION NUMBER
Classification number 730.973 EVE
100 ## - Rafti
Rafti 44
101 ## - Shkurtesa
Shkurtesa ART
245 00 - TITLE STATEMENT
Title Contemporary artists at work, sculptors.
Statement of responsibility, etc Dan Tooker ; made by Harcourt Brace Jovanovich Films.
508 ## - CREATION/PRODUCTION CREDITS NOTE
Creation/production credits note Producer, director, and photographer, Dan De Wilde; interviews, Dan Tooker; consultants, Henry T. Hopkins, Peter Plagens; music, Ken Melville.
906 ## - LOCAL DATA ELEMENT F, LDF (RLIN)
a 7
b cbc
c orignew
d u
e ncip
f 19
g y-movingim
942 ## - ADDED ENTRY ELEMENTS (KOHA)
Source of classification or shelving scheme
Item type Books
Holdings
Withdrawn status Lost status Source of classification or shelving scheme Damaged status Not for loan Collection code Permanent location Current location Shelving location Date acquired Total Checkouts Full call number Barcode Date last seen Price effective from Koha item type
          Koleksioni i përgjithshem UBT - Lipjan UBT - Lipjan Koleksioni i përgjithshem 03/06/2018   730.973 EVE 002-3001167 03/06/2018 03/06/2018 Books
UBT Library © 2015-2024. All rights reserved University Education for Business and Technology